Statistiche per Forma dei paesi #2

Clicka qui per fare il quiz!

Statistiche generali

  • Questo quiz è stato fatto 3.083 volte
  • Il punteggio medio è 13 su 16

Statistiche sulle risposte

Risposta% Corretto
Cile
95%
Islanda
95%
Spagna
95%
Canada
94%
Russia
94%
Grecia
91%
Austria
88%
Turchia
88%
Filippine
83%
Vietnam
83%
Nuova Zelanda
82%
Sudafrica
81%
Cuba
74%
Libia
74%
Arabia Saudita
66%
Afghanistan
48%

Distribuzione punteggi

Percentile per numero di risposta

Percentuale di utenti per punteggio

I tuoi punteggi nel tempo

Non hai fatto questo quiz